000 00890nam a2200241 a 4500
001 000021907
005 20200930011511.0
008 100914s1958 mx a r 000 | spa d
040 _aDO-SdBNP
_bspa
_cBNPHU
082 _a928.44
_bH895p
240 1 0 _aVíctor Hugo par Lui-Même
_lespañol
245 1 0 _aVíctor Hugo :
_bpor él mismo /
_cilustrado por Henri Guillemin; traducción de Aurelio Garzón del Camino.
260 _aMéxico D. F. :
_bCompañia General de Editores,
_c1958.
300 _a202 p. :
_bil. ;
_c18 cm.
490 1 _aEscritores de Siempre;
_v1
500 _aIncluye notas y referencias al pie de páginas
534 _aTítulo :
_tVictor Hugo par Lui-Même
600 1 0 _aHUGO, VÍCTOR,
_d1802-1885
_945459
700 1 _aGuillemin, Henri
_eil.
_945460
700 1 _aGarzón del Camino, Aurelio
_etr.
_940620
830 0 _aEscritores de Siempre
_v1
_945461
049 _aBNGR
999 _c21405
_d21405